| 000 | 00721nam a2200217Ia 4500 | ||
|---|---|---|---|
| 003 | GCL | ||
| 008 | 140319s9999 xx 000 0 ara d | ||
| 040 |
_aGCL / _cGCL |
||
| 082 | 0 | 4 |
_a923.1 _bك ك |
| 100 | 1 | _aيونس شاهين | |
| 245 | 1 | 0 |
_aكل الناس أخوة : _bحياه المهاتما غاندى واراؤه كما رواها / _cيونس شاهين |
| 700 | 1 | _aكريبالانى , كريشنا | |
| 700 | 1 | _aرادها كريشتان، سرفيا | |
| 260 |
_aالقاهرة : _bدار الكاتب العربى ، _c1969 |
||
| 300 |
_a313 ص: _bايض ؛ _c20 سم |
||
| 490 | _a | ||
| 650 | 0 | 4 | _aالهند |
| 650 | 0 | 4 | _aغاندى |
| 650 | 0 | 4 | _aالزعماء - تراجم |
| 942 |
_2ddc _cBK |
||
| 999 |
_c40040 _d40040 |
||